000 00479nam a2200169Ia 4500
003 LK-CoDNM
008 010623t2004 xxu||||| |||| 00| 1 sin d
040 _aLK-CoDNM
_dLK-CoDNM
_eLK-CoDNM
041 _asin
080 _aX 398 KUM
100 _aKumarasingha,Sarathchandra
245 _aදේවමැදිහත්පත්තුවේ ජනකථා
246 _aDewamadihathpattuwe Janakatha
260 _bGodage
_aColombo
_c2004
300 _b80p, 21 cm
942 _cBK
999 _c123805
_d123805